00316nam a22001337a 4500003000400000020001900004082001800023100002500041245003300066250002000099260003600119300001000155650001700165SGT a978-8131257142 a617.962bH20M a Malamed, Stanley F. aHandbook of Local Anesthesia a7TH South Asia  aNEW DELHIbElsevier Indiac2020 a1-444 aORAL SURGERY